Normal view
MARC view
Entry Nombre personal
001 - NÚMERO DE CONTROL
- campo de control: 187002
003 - IDENTIFICADOR DEL NÚMERO DE CONTROL
- campo de control: OSt
005 - FECHA Y HORA DE LA ÚLTIMA TRANSACCIÓN
- campo de control: 20230512120905.0
008 - DATOS DE LONGITUD FIJA
- campo de control de longitud fija: 230512|| aca||aabn | a|a d
040 ## - FUENTE DE LA CATALOGACIÓN
- Centro catalogador/agencia de origen: mxchpua
100 1# - ENCABEZAMIENTO-NOMBRE DE PERSONA
- Nombre de persona: López Posada, Laura Marcela
374 ## - OCUPACIÓN
- Ocupación: autor de libro
